000 00712nam a2200169 a 4500
008 120416s1965 ||||||||||||||||| || u
050 _aQR 111 Pra
100 _aPramer, David
245 1 0 _aLife in the soil
260 _aLexington
_bD. C. Heath
_c1965
300 _aix, 62p.
350 _a0.00
650 _aSoil biology
650 _aSOILS
995 _aMAIN LIBRARY OPEN ACCESS
_D0.00
_e716499
_FCBU-MAIN LIBRARY (Kitwe)
_H1
_I1.25
_jQR 111 Pra
_M1
_UWEEDED
_VJul 24, 2017
_WMar 23, 2007
_y015108
_ZMain Library Open Access Collection
995 _aMAIN LIBRARY OPEN ACCESS
_D0.00
_e716498
_FCBU-MAIN LIBRARY (Kitwe)
_H2
_I1.25
_jQR 111 Pra
_M2
_UWEEDED
_VJul 24, 2017
_WMar 23, 2007
_y015109
_ZMain Library Open Access Collection
999 _c80713
_d80713